000 00496nam a22001817a 4500
005 20251108165904.0
008 250721s1990 xx 000 0 ara d
082 1 4 _aق/درو
100 1 _aدرويش، محمود
245 1 0 _aذاكرة النسيان /
250 _aط2
264 1 _aالدار البيضاء :
_bدار توبقال للنشر،
_c1990.
300 _a128ص
650 1 7 _aالقصص العربية
650 1 7 _aالروايات
942 _2ddc
_cBK
999 _c33970
_d33970